000 00402nam a2200133Ia 4500
008 140611s9999 xx 000 0 und d
020 _a9787107205163
050 _aPL 1129
_b.K83w1 2013
245 _aKuaile Hanyu 1 :
_bWork book /
260 _aChina :
_bPeople Education Press,
_cc2013.
300 _a152 p. :
_bcol. Ill. ;
_c27 cm.
650 _aChinese Language
_xStudy and Teachings
999 _c118402
_d118402